Flagi kantonów Szwajcarii - Statystyki

Ogólne statystyki
  • Ten quiz został rozwiązany 50 razy
  • Średni wynik to 12 z 26
Statystyki odpowiedzi
Obrazkowy Odpowiedź % Poprawnych
Berno
93%
Zurych
73%
Uri
60%
Argowia
47%
Bazylea-Miasto
47%
Bazylea-Okręg
47%
Genewa
47%
Glarus
47%
Gryzonia
47%
Lucerna
47%
Nidwalden
47%
Obwalden
47%
Sankt Gallen
47%
Schwyz
47%
Ticino
47%
Valais
47%
Vaud
47%
Fryburg
40%
Jura
40%
Neuchâtel
40%
Solura
40%
Szafuza
40%
Turgowia
40%
Zug
40%
Appenzell Innerrhoden
33%
Appenzell Ausserrhoden
27%
Nie znaleziono quizów pasujących do podanych kryteriów
Rozkład punktacji
Procent ludzi z każdym wynikiem
Percentyl według liczby udzielonych odpowiedzi
Twoja historia wyników
Nie rozwiązałeś tego quizu